Sabrina Carpenter - Chansons commençant par N - Statistiques

Statistiques générales
  • Ce quiz a été pris 4 fois
  • Le résultat moyen est 1 sur 6
Statistiques - réponses
Hint Réponse % Correct
N Nonsense
100%
N Never Getting Laid
33%
N A Nonsense Christmas
0%
N Needless to say
0%
N Nobody's Sons
0%
N No Words
0%
Aucun quiz correspondant
Distribution des résultats
% des personnes avec chaque résultat
Percentile par nombre de réponses
Votre historique - résultats
Vous n’avez pas pris ce quiz